<?xml version="1.0" encoding="UTF-8"?><?xml-stylesheet type="text/xsl" href="static/style.xsl"?><OAI-PMH xmlns="http://www.openarchives.org/OAI/2.0/" xmlns:xsi="http://www.w3.org/2001/XMLSchema-instance" xsi:schemaLocation="http://www.openarchives.org/OAI/2.0/ http://www.openarchives.org/OAI/2.0/OAI-PMH.xsd"><responseDate>2026-04-13T05:42:04Z</responseDate><request verb="GetRecord" identifier="oai:www.recercat.cat:2099.1/21566" metadataPrefix="marc">https://recercat.cat/oai/request</request><GetRecord><record><header><identifier>oai:recercat.cat:2099.1/21566</identifier><datestamp>2025-07-17T15:40:25Z</datestamp><setSpec>com_2072_1033</setSpec><setSpec>col_2072_452951</setSpec></header><metadata><record xmlns="http://www.loc.gov/MARC21/slim" xmlns:dcterms="http://purl.org/dc/terms/" xmlns:xsi="http://www.w3.org/2001/XMLSchema-instance" xmlns:doc="http://www.lyncode.com/xoai" xsi:schemaLocation="http://www.loc.gov/MARC21/slim http://www.loc.gov/standards/marcxml/schema/MARC21slim.xsd">
   <leader>00925njm 22002777a 4500</leader>
   <datafield ind2=" " ind1=" " tag="042">
      <subfield code="a">dc</subfield>
   </datafield>
   <datafield ind2=" " ind1=" " tag="720">
      <subfield code="a">González Prunera, Sergio</subfield>
      <subfield code="e">author</subfield>
   </datafield>
   <datafield ind2=" " ind1=" " tag="260">
      <subfield code="c">2012</subfield>
   </datafield>
   <datafield ind2=" " ind1=" " tag="520">
      <subfield code="a">This work deals with the health monitoring of overhead power lines conductor’s technologies. In particular, the scope of the present Master’s Thesis is to develop a method to catch the damping from a given register of data. The data represents the vibration of overhead power line conductor. The method tested is the Prony’s Method.&#xd;
The thesis is structured in two main blocks. The first is composed by chapters from 1 to 4. The information included is a state of the art of the current technologies applied in ambient vibration monitoring of bridges, suggesting how to apply them in cable monitoring (chapter 1), an introduction to the Aeolian vibration phenomenon (chapter 2), a brief introduction to the basic theoretical bases of the vibration movement (chapter 3) and, finally, a chapter dedicated exclusively to the self-damping in conductors, explaining what is it, and how to measure it (in laboratories) and to evaluate it (chapter 4).&#xd;
The second block is related to the investigations done. It is composed by chapters from 5 to 11. It includes the description of the data used (chapter 5), a complete explanation of the preprocessing and processing of the data (chapters 6, 7 and 8), the presentation of the results obtained (chapter 9), some conclusions (chapter 10) and recommendations for further work (chapter 11).&#xd;
The main conclusion is that the Prony’s Method is not suitable to determine the self-damping coefficient of the vibration data.</subfield>
   </datafield>
   <datafield ind2=" " ind1=" " tag="520">
      <subfield code="a">Outgoing</subfield>
   </datafield>
   <datafield tag="653" ind2=" " ind1=" ">
      <subfield code="a">Àrees temàtiques de la UPC::Enginyeria mecànica::Mecànica::Vibracions mecàniques</subfield>
   </datafield>
   <datafield tag="653" ind2=" " ind1=" ">
      <subfield code="a">Overhead electric lines -- Health aspects</subfield>
   </datafield>
   <datafield tag="653" ind2=" " ind1=" ">
      <subfield code="a">Overhead electric lines -- Vibration</subfield>
   </datafield>
   <datafield tag="653" ind2=" " ind1=" ">
      <subfield code="a">Línies elèctriques aèries -- Vibració</subfield>
   </datafield>
   <datafield tag="653" ind2=" " ind1=" ">
      <subfield code="a">Mecànica</subfield>
   </datafield>
   <datafield ind2="0" ind1="0" tag="245">
      <subfield code="a">Investigations on overhead power line cables health monitoring</subfield>
   </datafield>
</record></metadata></record></GetRecord></OAI-PMH>